|
|
|
|
| LEADER |
00000nam a22000007a 4500 |
| 005 |
20171010183713.0 |
| 007 |
cr|||| |||| |
| 008 |
171010c20179999mx ||||ss|||| 0|||b1spa d |
| 035 |
|
|
|a 20473
|
| 040 |
|
|
|a vLex
|
| 090 |
|
|
|c 7119
|d 7119
|
| 245 |
0 |
0 |
|a Centro de Estudios de las Finanzas Pb︢licas
|h [Recurso electrn̤ico]
|
| 256 |
|
|
|a Servicio en ln̕ea
|
| 260 |
|
|
|a Ciudad de Mx̌ico :
|b Cm̀ara de Diputados,
|c 2014 -
|
| 300 |
|
|
|a 1 recurso electrn̤ico
|
| 310 |
|
|
|a Anual
|
| 362 |
|
|
|a Nm︢. 1 (2014) -
|
| 506 |
1 |
|
|a Disponible solo en los productos indicados
|d vLex Global
|d vLex Global (Academic Edition, excluding Law Schools)
|d vLex Global (U.S. Academic Edition, Law Schools)
|d vLex Global (U.S. Academic Edition, excluding Law Schools)
|d vLex Global (Academic Edition, Law Schools)
|
| 650 |
0 |
4 |
|a Derecho pb︢lico
|z Mx̌ico
|
| 650 |
0 |
4 |
|a Derecho fiscal
|z Mx̌ico
|
| 650 |
0 |
4 |
|a Derecho administrativo
|z Mx̌ico
|
| 740 |
0 |
|
|a vLex Revistas (Servicio en ln̕ea)
|
| 856 |
4 |
0 |
|u http://vlex.com/source/centro-estudios-finanzas-publicas-20473
|z Acceso restringido
|
| 942 |
|
|
|c REV
|
| 999 |
0 |
|
|a Public law
|
| 999 |
0 |
|
|a Administrative law
|